000 00881nam a2200277 i 4500
001 000031815
003 DO-SdBNP
005 20240930114453.0
007 ta
008 110706s1961 dr a 000 0 spa d
040 _aDO-SdBNP
_bspa
_cBNPHU
_erda
082 _bR621v
_222
100 1 _aRivera, Papito
_eautor
_929496
245 1 0 _aVilla de Santiago y Ciudad de Santiago de los 30 Caballeros :
_b(Apuntes para su historia) /
_cPapito Rivera.
264 _aCiudad Trujillo, República Dominicana :
_bEditora del Caribe,
_c1961.
300 _atomo 1 :
_bilustraciones ;
_c23 cm.
336 _ardacontent
_btexto
_2txt
337 _ardamedia
_bsin mediación
_2n
338 _brdacarrier
_0volumen
_2nc
490 1 _aSantiago
500 _aLa biblioteca solo posee el tomo 1
590 _aInventariado, 2024/DG
830 0 _aSantiago
_958030
910 _aDG
942 _2ddc
_cLBS1
999 _c31307
_d31307